| 000 | 01796nam0a22003371 4500 | ||
|---|---|---|---|
| 001 | RU\NLR\BIBL_A\022488351 | ||
| 005 | 20250806203530.0 | ||
| 035 | _a(NLR Aleph) 022488351 | ||
| 090 |
_a85409 _c85409 |
||
| 100 | _a20250310d1941 u y0rusy50 ca | ||
| 101 | 0 | _abel | |
| 102 | _aBY | ||
| 105 | _aa z 000yy | ||
| 181 | 0 |
_ai _baxxe |
|
| 182 | 0 | _an | |
| 200 | 1 |
_aМастацкія творы _fА. І. Герцэн _gрэд., уступ. арт. Л. А. Плоткіна |
|
| 203 |
_aТекст _bвизуальный _cнепосредственный |
||
| 210 |
_aМiнск _cДзяржаўнае выд-ва БССР _d1941 |
||
| 215 |
_a452 с. _d23 |
||
| 327 | 1 | _aСодерж.: Хто вiнават?; Натоўп; Елена; Запiскi аднаго маладога чалавека; Доктар Крупаў; Сарока-зладзейка; Мiмаездам; Абавязак перш за ўсё; Звар'яцелы; Трагедыя за шклянкай грогу; Ад нуды; Aphorismata; Доктар, памiраючыя i мёртвыя. В кн. также ст.: Белетрыстыка Герцэна / Плоткін Л. А. | |
| 464 | 0 |
_12001#$aБелетрыстыка Герцэна$fПлоткін Л. А. _1700#1$aПлоткин$bЛ. А.$f1906-1978$gЛев Абрамович$3RU\NLR\AUTH\770227132 |
|
| 517 | 1 |
_aХудожественные произведения _zrus |
|
| 700 | 1 |
_aГерцен _bА. И. _f1812-1870 _gАлександр Иванович _3RU\NLR\AUTH\773922 |
|
| 852 |
_aNLR _jЛ30 Г-5/17 |
||
| 899 | _aНБ Беларуси | ||
| 942 | _cBOOK | ||
| 945 | _aРоссийская национальная библиотека | ||
| 980 | _aBEL | ||
| 980 | _aBV | ||